000 00817nam a2200265 a 4500
001 9043
003 BD-RjUL
005 20211208234715.0
008 140120s1964 enka b 001 0 eng
035 _a(BD-RjUL) 9088
040 _aDLC/ICU
_cICU
_dDLC
_dBD-RjUL
_beng
041 _aeng
082 0 0 _a539.757
_223
_bGOC 1967
100 1 _aGoldberger, Marvin L.
_928072
245 1 0 _aCollision theory /
_cMarvin L. Goldberger [and] Kenneth M. Watson.
260 _aNew York :
_bWiley,
_cc1964 [Printing 1967].
300 _aix, 919 p. :
_bill. ;
_c24 cm.
500 _aIncludes index
650 0 _aCollisions theory
_925786
650 0 _aScattering (Physics)
_919737
700 1 _aWatson, Kenneth M.,
_ejoint author.
_928074
942 _2ddc
_cBK
999 _c9043
_d9043